1982 1641 1721 1444 1086 1834 1747 1992 1636 1968 1300 1887 1329 1774 1715 1162 1279 1434 1354 1278 1737 1771 1861 1793 1890 1894 1605 1062 1157 1298 1299 1568 1264 1578 1882 1059 1968 1101 1593 1325 1655 1672 1999 1193 1570 1028 1952 1447 1599 1836 1882 1098 1725 1678 1094 1800 1221 1008 1206 1375 1694 1646 2000 1862 1118 1079 1592 1850 1377 1634 1530 1221 1905 1971 1432 1888 1749 1771 1626 1347 1329 1745 1604 1237 1121 1453 1304 1403 1904 1320 1719 1460 1740 1216 1864 1111 1990 1113 1451 BCNSPRNW ULIB Ver.6.0+V

เปลี่ยนเป็นภาษาไทย

Change to English
 แสดงรายละเอียดบรรณานุกรม
  กลับหน้าหลัก

Brief Record : Get Marc (ISO 2709) : E-mail record : QR code < ปิดหน้าต่าง
LEADER : 00000nam 2200000uu 4500
001    13399123165
003     ULIB
008    020711s2552 th a 000 0 tha d
020    9789748217932
090    นว.^bฬ111ร ล.1
100    ฬีฬา
110    ยาหยี-ยาใจ
245    รหัสรักในดวงใจ 1/^cฬีฬา
250    พิมพ์ครั้งที่ 2
260    กรุงเทพฯ :^bยาหยี-ยาใจ,^c2552
300    296 หน้า;^b21 ซม.
945    ^p200^l0^i034422
999    ^aเกษร โพธิ์สุวรรณ
รายการนี้ยังไม่มีแท็ก
คุณยังไม่ได้ล็อกอิน คุณสามารถมีกิจกรรมร่วมกับเว็บไซต์ได้ แต่ต้องล็อกอินก่อน ::
  ล็อกอิน

รายการสื่อสารสนเทศ

ลำดับที่ ประเภท เลขเรียก/บาร์โค้ด สถานที่ สถานะ
1. นวนิยาย
นวนิยาย
นว. ฬ111ร ล.1 ฉ.1 
  Barcode: 034422
ห้องสมุดวิทยาเขตสวรรค์ประชารักษ์
►นวนิยาย
บนชั้น
  ขอยืม

รายการใกล้เคียง
    ผู้แต่ง [ฬีฬา]

BibComment


ยังไม่เคยถูกคอมเมนท์

คอมเมนท์ทรัพยากรรายการนี้
  คอมเมนท์: รหัสรักในดวงใจ 1 ..


 Copyright 2026. Bcnsprnw @Library